Alle Pokemon mit "V" - Statistiken

Allgemein
  • Dieses Quiz wurde 405 mal gespielt
    274 seit der letzten Aktualisierung
  • Das Durchschnittsergebnis liegt bei 14 aus 28
Antwortstatistiken
Hint Antwort % Korrekt
Kanto (3) 038 Vulnona
90%
Kanto (3) 037 Vulpix
90%
Kanto (3) 100 Voltobal
80%
Sinnoh (3) 455 Venuflibis
68%
Johto (1) 179 Voltilamm
63%
Hoenn (4) 310 Voltenso
57%
Sinnoh (3) 481 Vesprit
56%
Hoenn (4) 336 Vipitis
55%
Kalos (5) 705 Viscargot
53%
Kalos (5) 706 Viscogon
53%
Hoenn (4) 313 Volbeat
52%
Kalos (5) 704 Viscora
51%
Einall (6) 642 Voltolos
51%
Einall (6) 640 Viridium
49%
Einall (6) 494 Victini
48%
Einall (6) 596 Voltula
48%
Kalos (5) 721 Volcanion
44%
Sinnoh (3) 476 Voluminas
41%
Alola (3) 759 Velursi
38%
Hoenn (4) 329 Vibrava
38%
Kalos (5) 666 Vivillon
37%
Alola (3) 796 Voltriant
37%
Einall (6) 512 Vegichita
35%
Einall (6) 511 Vegimak
35%
Alola (3) 803 Venicro
35%
Galar (1) 835 Voldi
35%
Paldea (2) 940 Voltrel
33%
Paldea (2) 941 Voltrean
31%
Keine übereinstimmenden Quizze gefunden
Verteilung der Resultate
Anzahl Personen mit jedem Resultat
Perzentil nach korrekt beantworteten Fragen
Ihre Resultats-Entwicklung
Sie haben dieses Quiz seit der letzten Aktualisierung nicht gespielt